| 000 | 01661nam a2200433 i 4500 | ||
|---|---|---|---|
| 001 | DIGSBED0066 | ||
| 003 | NyNyDIG | ||
| 006 | m o d | ||
| 007 | cr ||||||||||| | ||
| 008 | 231017s2019 ag ob 000 0 spa d | ||
| 035 | _a(OCoLC)1406036626 | ||
| 040 |
_aDGITA _beng _erda _epn _cDGITA |
||
| 020 | _z9789874434678 | ||
| 050 | 1 | 4 | _aBD240 ebook |
| 100 | 1 |
_aRoggero, Jorge Luis, _d1974- _eauthor. |
|
| 245 | 1 | 0 |
_aHermenéutica del amor : _bla fenomenología de la donación de Jean-Luc Marion en diálogo con la fenomenología del joven Heidegger / _cJorge Luis Roggero. |
| 250 | _a1a edición. | ||
| 264 | 1 |
_aCiudad Autónoma de Buenos Aires : _bSb Editorial, _c[2019] |
|
| 300 | _a1 online resource. | ||
| 336 |
_atext _btxt _2rdacontent |
||
| 337 |
_acomputer file _bc _2rdamedia |
||
| 338 |
_aonline resource _bcr _2rdacarrier |
||
| 347 |
_atext file _2rdaft |
||
| 347 | _bPDF | ||
| 490 | 1 | _aPost-Visión | |
| 504 | _aIncludes bibliographical references. | ||
| 588 | 0 | _aOnline resource; title from PDF title page (Digitalia, viewed October 17, 2023) | |
| 650 | 0 | _aHermeneutics. | |
| 650 | 0 | _aPhenomenology. | |
| 650 | 0 | _aPhilosophy. | |
| 700 | 1 |
_aMarion, Jean-Luc, _d1946- _eauthor. |
|
| 776 | 0 | 8 |
_iPrint version: _aRoggero, Jorge Luis, 1974- _tHermenéutica del amor. _b1a edición. _dCiudad Autónoma de Buenos Aires : Sb Editorial, [2019] _z9789874434678 |
| 791 | 2 |
_aDigitalia (Firm), _edistributor. |
|
| 793 | 0 |
_gDigitalia eBook Collection: _aSb Editorial |
|
| 830 | 0 | _aPost-Visión. | |
| 856 | 4 | 0 |
_3Digitalia Hispánica _uhttps://www.digitaliapublishing.com/a/129927/ |
| 910 | _aPremium collection: 2023 | ||
| 942 | _cRAA | ||
| 999 |
_c280652 _d280652 |
||